| 000 | 00542nam a2200145Ia 4500 | ||
|---|---|---|---|
| 008 | 140724s9999 xx 000 0 und d | ||
| 050 |
_aBF 637 _b.T247 2014 |
||
| 100 | _aTayoto, Franz Salvador G. | ||
| 245 |
_aLevels of job satisfaction and work values profile of secondary teachers of Holy Rosary Academy, Las Piñas City / _cFranz Salvador G. Tayoto. |
||
| 260 |
_aLas Piñas, Philippines : _bSouthville International School and Colleges, _cc2014. |
||
| 300 |
_a91 p. : _c28 cm. |
||
| 521 | _aPsychology | ||
| 942 | _cTH | ||
| 999 |
_c229307 _d229307 |
||